000 00807nam a2200217 a 4500
001 BRL_1416
005 20190320211207.0
008 130114s1991----mx-a#####d---#001-0#spa-#
041 _aspa
044 _amx
050 4 _aSB108.M4
_b.F56 1991
245 1 0 _aFlora útil de los estados de Puebla y Tlaxcala
_cMaricela Rodríguez Acosta ... [et al.].
260 _aPuebla
_bGobierno del Estado de Puebla, Universidad Autónoma de Puebla, Comisión Puebla V Centenario
_c1991
300 _a144 p.
_bil.
_c22 cm.
440 0 _aColección V Centenario
_926834
504 _aBibliografía : p. 143-144
650 1 4 _aBotánica económica
_zPuebla (Estado) - México
_926835
650 1 4 _aBotánica económica
_zTlaxcala (Estado) - México
_926836
700 1 _aRodríguez Acosta, Maricela
_926837
942 _2lcc
_cB
999 _c10226
_d10226